000 00525nam a2200181Ia 4500
008 090122s9999 xx 000 0 und d
082 _b12793
100 _aमंगेशकर
_bगीता
245 _aअलौकिक
260 _bबांदोडकर पब्लिकेशन
_c2008
300 _a248
501 _aललित वितरण
600 _aमंगेशकर
630 _aअलौकिक
700 _aमंगेशकर
730 _aअलौकिक
942 _cBOOK
999 _c36870
_d36870